000 00383nam a2200145Ia 4500
008 231217s9999 xx 000 0 und d
041 _aEnglish
082 _a153.9 SUD1;1 R
100 _aSudha Publications
245 0 _aTest of reasoning (verbal) (Competition success review)
250 _a16th ed.
260 _c2004
_bSudha Publ.
_aNew Delhi
300 _a249
942 _cAA
999 _c175154
_d175154